[Event "Pardubice Czech op-B 30th"]
[Site "Pardubice"]
[Date "2019.07.23"]
[Round "5"]
[White "You, Haneul"]
[Black "Lys, Josef"]
[Result "1-0"]
[WhiteElo "1756"]
[BlackElo "2149"]
[PlyCount "87"]
[EventDate "2019.07.19"]
[EventType "swiss"]
[EventRounds "9"]
[EventCountry "CZE"]
[SourceTitle "EXT 2020"]
[Source "ChessBase"]
[SourceDate "2019.10.17"]
[SourceVersion "1"]
[SourceVersionDate "2019.10.17"]
[SourceQuality "1"]

1. e4 c5 2. Nc3 e6 3. g3 Nc6 4. Bg2 g6 5. d3 Bg7 6. Be3 d6 7. Qd2 Qb6 8. Rb1 Qa5 9. Nge2 Nd4 10. a3 Ne7 11. 0-0 Nxe2+ 12. Nxe2 Qxd2 13. Bxd2 0-0 14. f4 Rb8 15. b4 Bd7 16. Be3 b6 17. c3 h5 18. Rfc1 Bb5 19. c4 Bc6 20. d4 cxd4 21. Bxd4 Bxd4+ 22. Nxd4 e5 23. Ne2 Bd7 24. Nc3 Rfc8 25. fxe5 dxe5 26. Nd5 Kf8 27. Nf6 Be6 28. b5 Rc5 29. Bf1 Rbc8 30. Rd1 R5c7 31. Rd6 Kg7 32. Nd5 Nxd5 33. cxd5 Bg4 34. Rc6 Bd7 35. Rbc1 Bxc6 36. bxc6 Rd8 37. Bh3 Kf8 38. Kf2 Ke7 39. Ke3 f5 40. Rd1 Kd6 41. exf5 Ke7 42. Ke4 Rxc6 43. dxc6 Rxd1 44. f6+ 1-0

[Event "Pardubice Czech op-B 30th"]
[Site "Pardubice"]
[Date "2019.07.21"]
[Round "3"]
[White "Chovanec, Vladimir"]
[Black "You, Haneul"]
[Result "1/2-1/2"]
[WhiteElo "2047"]
[BlackElo "1756"]
[PlyCount "41"]
[EventDate "2019.07.19"]
[EventType "swiss"]
[EventRounds "9"]
[EventCountry "CZE"]
[SourceTitle "EXT 2020"]
[Source "ChessBase"]
[SourceDate "2019.10.17"]
[SourceVersion "1"]
[SourceVersionDate "2019.10.17"]
[SourceQuality "1"]

1. e4 e5 2. Nf3 Nc6 3. Bc4 Bc5 4. c3 Nf6 5. d3 0-0 6. Bg5 h6 7. Bh4 Be7 8. Nbd2 d6 9. Bb3 Na5 10. Bc2 c5 11. 0-0 Nc6 12. Re1 Bg4 13. h3 Bh5 14. Nf1 g5 15. Bg3 Ne8 16. Ne3 Ng7 17. Ng4 Bxg4 18. hxg4 Ne6 19. Bb3 Bf6 20. Nh2 b5 21. Nf1 1/2-1/2

[Event "World ol U16"]
[Site "Ulaanbaatar"]
[Date "2015.08.24"]
[Round "5.2"]
[White "You, Haneul"]
[Black "Bilguun, Purvee"]
[Result "1-0"]
[WhiteElo "1573"]
[BlackElo "1641"]
[PlyCount "120"]
[EventDate "2015.08.20"]
[EventType "team-swiss"]
[EventRounds "9"]
[EventCountry "MGL"]
[SourceTitle "EXT 2016"]
[Source "ChessBase"]
[SourceDate "2015.10.08"]
[SourceVersion "1"]
[SourceVersionDate "2015.10.08"]
[SourceQuality "1"]
[WhiteTeam "Korea"]
[BlackTeam "Mongolia IV"]
[WhiteTeamCountry "KOR"]
[BlackTeamCountry "MGL"]

1. e4 e5 2. Bc4 Nc6 3. d3 Bc5 4. Nc3 h6 5. h3 Nf6 6. f4 exf4 7. Bxf4 d6 8. Nf3 Be6 9. Bb3 Nd4 10. Na4 Nxf3+ 11. Qxf3 Bb4+ 12. c3 Ba5 13. Bxe6 fxe6 14. b4 Bb6 15. Nxb6 axb6 16. Qg3 Qe7 17. e5 Nh5 18. Qg6+ Qf7 19. Qxf7+ Kxf7 20. Bh2 g5 21. exd6 cxd6 22. Bxd6 Rhd8 23. 0-0+ Kg6 24. Be5 Rxd3 25. Rf2 Rd5 26. Re1 Re8 27. g4 Ng7 28. Rf6+ Kh7 29. Rf7 Rg8 30. Rxb7 b5 31. Bd4 Kg6 32. Re5 Rd6 33. Rexb5 Ra6 34. Ra5 Rxa5 35. bxa5 Ne8 36. Rd7 Nf6 37. Re7 Nd5 38. Rxe6+ Kf7 39. Rd6 Nf4 40. a6 Ke7 41. Rxh6 Rb8 42. Rb6 Rd8 43. Rb7+ Kd6 44. a7 Ne2+ 45. Kf2 Nxd4 46. cxd4 Kd5 47. Ke3 Kc4 48. Ke4 Re8+ 49. Kf5 Ra8 50. Ke5 Kd3 51. d5 Kc4 52. Ke6 Kc5 53. d6 Kc6 54. Re7 Rd8 55. d7 Kc7 56. Re8 Rxd7 57. a8Q Rd6+ 58. Ke5 Rd1 59. Rc8+ Kb6 60. Qc6+ Ka5 1-0